[Event "Benidorm Satellite preliminary"]
[Site "playchess.com #007036"]
[Date "2009.10.24"]
[Round "3"]
[White "Vasily Mln"]
[Black "Aage"]
[Result "1-0"]
[WhiteElo "2044"]
[BlackElo "1702"]
[PlyCount "131"]
[EventDate "2009.10.24"]
[EventType "swiss (blitz)"]

1. d4 {[%emt 0:00:02]} d5 {[%emt 0:00:02]} 2. c4 {[%emt 0:00:01]} c6 {[%emt 0:
00:01]} 3. Nf3 {[%emt 0:00:01]} a6 {[%emt 0:00:02]} 4. Nc3 {[%emt 0:00:04]} e6
{[%emt 0:00:07]} 5. Bf4 {[%emt 0:00:23]} Bd6 {[%emt 0:00:04]} 6. e3 {[%emt 0:
00:02]} Nf6 {[%emt 0:00:04]} 7. Bd3 {[%emt 0:00:07]} h6 {[%emt 0:00:06]} 8. O-O
{[%emt 0:00:02]} O-O {[%emt 0:00:03]} 9. Rc1 {[%emt 0:00:04]} Qc7 {[%emt 0:00:
13]} 10. Be5 {[%emt 0:00:15]} Nbd7 {[%emt 0:00:08]} 11. cxd5 {[%emt 0:00:03]}
exd5 {[%emt 0:00:02]} 12. Bg3 {[%emt 0:00:09]} Bxg3 {[%emt 0:00:13]} 13. hxg3 {
[%emt 0:00:00]} Qd8 {[%emt 0:00:02]} 14. a4 {[%emt 0:00:10]} Re8 {[%emt 0:00:
07]} 15. b4 {[%emt 0:00:02]} Nf8 {[%emt 0:00:03]} 16. Qb3 {[%emt 0:00:04]} Bd7
{[%emt 0:00:16]} 17. b5 {[%emt 0:00:04]} axb5 {[%emt 0:00:02]} 18. axb5 {[%emt
0:00:01]} Rc8 {[%emt 0:00:19]} 19. Ne5 {[%emt 0:00:01]} Qc7 {[%emt 0:00:17]}
20. e4 {[%emt 0:00:31]} dxe4 {[%emt 0:00:07]} 21. Qxf7+ {[%emt 0:00:03]} Kh7 {
[%emt 0:00:07]} 22. Nxe4 {[%emt 0:00:07]} Nxe4 {[%emt 0:00:28]} 23. Bxe4+ {
[%emt 0:00:00]} Kh8 {[%emt 0:00:04]} 24. Ng6+ {[%emt 0:00:49]} Nxg6 {[%emt 0:
00:24]} 25. Qxg6 {[%emt 0:00:00]} Kg8 {[%emt 0:00:01]} 26. Rfe1 {[%emt 0:00:15]
} Re6 {[%emt 0:00:12]} 27. Bd5 {[%emt 0:00:26] .} cxd5 {[%emt 0:00:05]} 28.
Qxe6+ {[%emt 0:00:01]} Bxe6 {[%emt 0:00:04]} 29. Rxc7 {[%emt 0:00:01]} Rxc7 {
[%emt 0:00:02]} 30. Rxe6 {[%emt 0:00:00]} Rd7 {[%emt 0:00:04]} 31. f3 {[%emt 0:
00:02]} Kf7 {[%emt 0:00:01]} 32. Re5 {[%emt 0:00:02]} Kf6 {[%emt 0:00:02]} 33.
Kf2 {[%emt 0:00:01]} b6 {[%emt 0:00:05]} 34. Ke3 {[%emt 0:00:01]} Rd6 {[%emt 0:
00:01]} 35. Kd3 {[%emt 0:00:01]} g5 {[%emt 0:00:04]} 36. Re8 {[%emt 0:00:01]}
Kf7 {[%emt 0:00:03]} 37. Rc8 {[%emt 0:00:02]} Ke6 {[%emt 0:00:02]} 38. Rh8 {
[%emt 0:00:03]} Kf7 {[%emt 0:00:01]} 39. Rh7+ {[%emt 0:00:00]} Kg6 {[%emt 0:00:
01]} 40. Rc7 {[%emt 0:00:01]} Kf6 {[%emt 0:00:01]} 41. Rh7 {[%emt 0:00:03]} Kg6
{[%emt 0:00:01]} 42. Rb7 {[%emt 0:00:00]} Kf6 {[%emt 0:00:01]} 43. g4 {[%emt 0:
00:00]} Kg6 {[%emt 0:00:02]} 44. Kc3 {[%emt 0:00:06]} Kf6 {[%emt 0:00:01]} 45.
Rc7 {[%emt 0:00:01]} Ke6 {[%emt 0:00:01]} 46. Rh7 {[%emt 0:00:01]} Kf6 {[%emt
0:00:12]} 47. Rxh6+ {[%emt 0:00:01]} Ke7 {[%emt 0:00:01]} 48. Rxd6 {[%emt 0:00:
01]} Kxd6 {[%emt 0:00:00]} 49. Kd3 {[%emt 0:00:01]} Ke6 {[%emt 0:00:01]} 50.
Ke3 {[%emt 0:00:00]} Kf6 {[%emt 0:00:01]} 51. g3 {[%emt 0:00:01]} Kg6 {[%emt 0:
00:01]} 52. f4 {[%emt 0:00:01]} Kf6 {[%emt 0:00:01]} 53. Kf3 {[%emt 0:00:03]}
Kg6 {[%emt 0:00:02]} 54. Ke3 {[%emt 0:00:06]} Kf6 {[%emt 0:00:01]} 55. fxg5+ {
[%emt 0:00:01]} Kxg5 {[%emt 0:00:01]} 56. Kf3 {[%emt 0:00:00]} Kf6 {[%emt 0:00:
02]} 57. Kf4 {[%emt 0:00:00]} Kg6 {[%emt 0:00:01]} 58. g5 {[%emt 0:00:02]} Kf7
{[%emt 0:00:01]} 59. Kf5 {[%emt 0:00:01]} Kg7 {[%emt 0:00:01]} 60. Ke5 {[%emt
0:00:02]} Kg6 {[%emt 0:00:01]} 61. Kxd5 {[%emt 0:00:00]} Kxg5 {[%emt 0:00:01]}
62. Kc6 {[%emt 0:00:00]} Kg4 {[%emt 0:00:01]} 63. d5 {[%emt 0:00:00]} Kxg3 {
[%emt 0:00:01]} 64. d6 {[%emt 0:00:00]} Kf4 {[%emt 0:00:01]} 65. d7 {[%emt 0:
00:00]} Ke5 {[%emt 0:00:01]} 66. d8=Q {[%emt 0:00:00] ' Time} 1-0

[Event "Benidorm Satellite preliminary"]
[Site "playchess.com #007036"]
[Date "2009.10.24"]
[Round "3"]
[White "jchess06"]
[Black "Palmolive"]
[Result "0-1"]
[WhiteElo "1824"]
[BlackElo "2439"]
[PlyCount "116"]
[EventDate "2009.10.24"]
[EventType "swiss (blitz)"]

1. d4 {[%emt 0:00:02]} Nf6 {[%emt 0:00:03] jchess06 propose la nulle} 2. Bg5 {
[%emt 0:00:04]} Ne4 {[%emt 0:00:02]} 3. Bf4 {[%emt 0:00:01]} g6 {[%emt 0:00:02]
} 4. f3 {[%emt 0:00:01]} Nf6 {[%emt 0:00:01]} 5. e4 {[%emt 0:00:01]} Bg7 {
[%emt 0:00:01]} 6. Bd3 {[%emt 0:00:04]} d6 {[%emt 0:00:02]} 7. c3 {[%emt 0:00:
01]} O-O {[%emt 0:00:06]} 8. Ne2 {[%emt 0:00:03]} Nc6 {[%emt 0:00:02]} 9. O-O {
[%emt 0:00:02]} e5 {[%emt 0:00:01]} 10. Be3 {[%emt 0:00:02]} d5 {[%emt 0:00:02]
} 11. dxe5 {[%emt 0:00:10]} Nxe5 {[%emt 0:00:03]} 12. Bc5 {[%emt 0:00:01]} Re8
{[%emt 0:00:05]} 13. exd5 {[%emt 0:00:01]} Qxd5 {[%emt 0:00:03]} 14. Bd4 {
[%emt 0:00:07]} Nxd3 {[%emt 0:00:01]} 15. Qxd3 {[%emt 0:00:00]} c5 {[%emt 0:00:
01]} 16. Nf4 {[%emt 0:00:04]} Qd6 {[%emt 0:00:04]} 17. Bxf6 {[%emt 0:00:02]}
Qxd3 {[%emt 0:00:07]} 18. Nxd3 {[%emt 0:00:01]} Bxf6 {[%emt 0:00:01]} 19. Nxc5
{[%emt 0:00:03]} Bf5 {[%emt 0:00:04]} 20. Nd2 {[%emt 0:00:06]} Be7 {[%emt 0:00:
15]} 21. Nce4 {[%emt 0:00:07]} Rad8 {[%emt 0:00:12]} 22. Rfe1 {[%emt 0:00:06]}
h5 {[%emt 0:00:15]} 23. Re2 {[%emt 0:00:01]} Bg5 {[%emt 0:00:49]} 24. Rae1 {
[%emt 0:00:21]} Bxd2 {[%emt 0:00:52]} 25. Nf6+ {[%emt 0:00:21]} Kg7 {[%emt 0:
00:11]} 26. Nxe8+ {[%emt 0:00:06]} Kf8 {[%emt 0:00:04]} 27. Rf1 {[%emt 0:00:16]
} Bg5 {[%emt 0:00:15]} 28. Rfe1 {[%emt 0:00:08]} Bd3 {[%emt 0:00:05]} 29. Re5 {
[%emt 0:00:07]} Bd2 {[%emt 0:00:02]} 30. Rd1 {[%emt 0:00:04]} Bf5 {[%emt 0:00:
03]} 31. Re2 {[%emt 0:00:18] .} Be3+ {[%emt 0:00:02]} 32. Rxe3 {[%emt 0:00:00]}
Rxd1+ {[%emt 0:00:01]} 33. Kf2 {[%emt 0:00:00]} Rd2+ {[%emt 0:00:01]} 34. Kg3 {
[%emt 0:00:07]} Rxb2 {[%emt 0:00:01]} 35. Nd6 {[%emt 0:00:01]} Be6 {[%emt 0:00:
02]} 36. c4 {[%emt 0:00:11]} b6 {[%emt 0:00:01]} 37. Ra3 {[%emt 0:00:02]} a5 {
[%emt 0:00:02]} 38. Rb3 {[%emt 0:00:03]} Rxb3 {[%emt 0:00:05]} 39. axb3 {[%emt
0:00:00]} Ke7 {[%emt 0:00:01]} 40. Nb5 {[%emt 0:00:02]} a4 {[%emt 0:00:03]} 41.
bxa4 {[%emt 0:00:06]} Bxc4 {[%emt 0:00:01]} 42. Nd4 {[%emt 0:00:05]} Kd6 {
[%emt 0:00:01]} 43. Kf4 {[%emt 0:00:02]} f6 {[%emt 0:00:02]} 44. Ke4 {[%emt 0:
00:02]} Kc5 {[%emt 0:00:02]} 45. g4 {[%emt 0:00:05]} h4 {[%emt 0:00:06]} 46. f4
{[%emt 0:00:04]} Kb4 {[%emt 0:00:01]} 47. f5 {[%emt 0:00:02]} g5 {[%emt 0:00:
01]} 48. Nc2+ {[%emt 0:00:05]} Kxa4 {[%emt 0:00:01]} 49. Kd4 {[%emt 0:00:00]}
Be2 {[%emt 0:00:01]} 50. h3 {[%emt 0:00:05]} Bf1 {[%emt 0:00:01]} 51. Ne3 {
[%emt 0:00:01]} Bxh3 {[%emt 0:00:01]} 52. Kc3 {[%emt 0:00:02]} b5 {[%emt 0:00:
01]} 53. Kb2 {[%emt 0:00:05]} b4 {[%emt 0:00:01]} 54. Kc2 {[%emt 0:00:02]} Kb5
{[%emt 0:00:01]} 55. Nd5 {[%emt 0:00:01]} Bxg4 {[%emt 0:00:04]} 56. Nxf6 {
[%emt 0:00:01]} Bxf5+ {[%emt 0:00:01]} 57. Kb3 {[%emt 0:00:03]} h3 {[%emt 0:00:
01]} 58. Nd5 {[%emt 0:00:02]} Be6 {[%emt 0:00:01] jchess06 abandonne} 0-1

[Event "Benidorm Satellite preliminary"]
[Site "playchess.com #007036"]
[Date "2009.10.24"]
[Round "3"]
[White "Mateusz-Morfeusz"]
[Black "Chesstiger9"]
[Result "1-0"]
[WhiteElo "2464"]
[BlackElo "2081"]
[PlyCount "119"]
[EventDate "2009.10.24"]
[EventType "swiss (blitz)"]

1. e4 {[%emt 0:00:00]} c5 {[%emt 0:00:02]} 2. Nf3 {[%emt 0:00:02]} e6 {[%emt 0:
00:01]} 3. d3 {[%emt 0:00:01]} d5 {[%emt 0:00:01]} 4. Qe2 {[%emt 0:00:01]} Nf6
{[%emt 0:00:02]} 5. g3 {[%emt 0:00:00]} Nc6 {[%emt 0:00:01]} 6. Bg2 {[%emt 0:
00:00]} dxe4 {[%emt 0:00:01]} 7. dxe4 {[%emt 0:00:01]} e5 {[%emt 0:00:01]} 8.
O-O {[%emt 0:00:04]} Be7 {[%emt 0:00:01]} 9. c3 {[%emt 0:00:04] Chesstiger9
reconnected.} h6 {[%emt 0:00:02]} 10. Nbd2 {[%emt 0:00:03]} Be6 {[%emt 0:00:02]
} 11. Nc4 {[%emt 0:00:03]} Qc7 {[%emt 0:00:01]} 12. a4 {[%emt 0:00:03]} Rd8 {
[%emt 0:00:03]} 13. Nh4 {[%emt 0:00:03]} O-O {[%emt 0:00:02]} 14. h3 {[%emt 0:
00:09]} b6 {[%emt 0:00:01]} 15. Ne3 {[%emt 0:00:04]} Na5 {[%emt 0:00:08]} 16.
Nef5 {[%emt 0:00:03]} Bc4 {[%emt 0:00:04]} 17. Qf3 {[%emt 0:00:03]} Bxf1 {
[%emt 0:00:02]} 18. Bxf1 {[%emt 0:00:01]} Nb3 {[%emt 0:00:02]} 19. Rb1 {[%emt
0:00:21]} c4 {[%emt 0:00:02]} 20. Nxh6+ {[%emt 0:00:12]} gxh6 {[%emt 0:00:06]}
21. Bxh6 {[%emt 0:00:00]} Nd2 {[%emt 0:00:06]} 22. Qe3 {[%emt 0:00:10]} Nh7 {
[%emt 0:00:10]} 23. Rd1 {[%emt 0:00:25]} Nb3 {[%emt 0:00:11]} 24. Rxd8 {[%emt
0:00:21]} Rxd8 {[%emt 0:00:01]} 25. Nf5 {[%emt 0:00:00]} Bf6 {[%emt 0:00:04]}
26. Qf3 {[%emt 0:00:02]} Nd2 {[%emt 0:00:08]} 27. Qg4+ {[%emt 0:00:01]} Kh8 {
[%emt 0:00:02]} 28. Bg2 {[%emt 0:00:00]} Rg8 {[%emt 0:00:04]} 29. Qh5 {[%emt 0:
00:04]} Rg6 {[%emt 0:00:02]} 30. Bxd2 {[%emt 0:00:03]} Qd7 {[%emt 0:00:05]} 31.
Be3 {[%emt 0:00:07]} Qxa4 {[%emt 0:00:11]} 32. Nh6 {[%emt 0:00:07]} Qd7 {[%emt
0:00:03]} 33. Bf3 {[%emt 0:00:08]} Bg7 {[%emt 0:00:03]} 34. Bg4 {[%emt 0:00:10]
} Qe7 {[%emt 0:00:06]} 35. Bf5 {[%emt 0:00:14]} Bxh6 {[%emt 0:00:09]} 36. Bxg6
{[%emt 0:00:04]} fxg6 {[%emt 0:00:04]} 37. Qxh6 {[%emt 0:00:01]} Kg8 {[%emt 0:
00:02]} 38. Qxg6+ {[%emt 0:00:06]} Qg7 {[%emt 0:00:03]} 39. Qe6+ {[%emt 0:00:
14]} Kh8 {[%emt 0:00:05]} 40. Qxc4 {[%emt 0:00:15]} Qd7 {[%emt 0:00:04]} 41.
Qd5 {[%emt 0:00:03]} Qxd5 {[%emt 0:00:03]} 42. exd5 {[%emt 0:00:00]} Kg7 {
[%emt 0:00:03]} 43. Kg2 {[%emt 0:00:01]} Kf7 {[%emt 0:00:03]} 44. h4 {[%emt 0:
00:04]} Nf6 {[%emt 0:00:02]} 45. c4 {[%emt 0:00:01]} Ke7 {[%emt 0:00:08]} 46.
Bg5 {[%emt 0:00:01]} a6 {[%emt 0:00:04]} 47. Kf3 {[%emt 0:00:03]} Kf7 {[%emt 0:
00:04]} 48. Bxf6 {[%emt 0:00:01]} Kxf6 {[%emt 0:00:00]} 49. g4 {[%emt 0:00:03]}
b5 {[%emt 0:00:07]} 50. cxb5 {[%emt 0:00:02]} axb5 {[%emt 0:00:03]} 51. Ke4 {
[%emt 0:00:02]} b4 {[%emt 0:00:02]} 52. b3 {[%emt 0:00:00]} Ke7 {[%emt 0:00:02]
} 53. Kxe5 {[%emt 0:00:00]} Kf7 {[%emt 0:00:01]} 54. d6 {[%emt 0:00:01]} Ke8 {
[%emt 0:00:01]} 55. h5 {[%emt 0:00:00]} Kf7 {[%emt 0:00:01]} 56. g5 {[%emt 0:
00:01]} Ke8 {[%emt 0:00:02]} 57. Ke6 {[%emt 0:00:00]} Kd8 {[%emt 0:00:03]} 58.
h6 {[%emt 0:00:00]} Ke8 {[%emt 0:00:01]} 59. h7 {[%emt 0:00:02]} Kd8 {[%emt 0:
00:01]} 60. h8=Q# {[%emt 0:00:00]} 1-0

[Event "Benidorm Satellite preliminary"]
[Site "playchess.com #007036"]
[Date "2009.10.24"]
[Round "3"]
[White "MONFMA0214"]
[Black "Phlegias"]
[Result "1-0"]
[WhiteElo "1641"]
[BlackElo "1951"]
[PlyCount "135"]
[EventDate "2009.10.24"]
[EventType "swiss (blitz)"]

1. e4 {[%emt 0:00:02]} c5 {[%emt 0:00:01]} 2. Nf3 {[%emt 0:00:01]} d6 {[%emt 0:
00:01]} 3. c4 {[%emt 0:00:01]} Nc6 {[%emt 0:00:06]} 4. d4 {[%emt 0:00:01]} cxd4
{[%emt 0:00:02]} 5. Nxd4 {[%emt 0:00:01]} g6 {[%emt 0:00:00]} 6. Be3 {[%emt 0:
00:02]} Bg7 {[%emt 0:00:01]} 7. Nc3 {[%emt 0:00:04]} Nf6 {[%emt 0:00:01]} 8.
Be2 {[%emt 0:00:01]} O-O {[%emt 0:00:01]} 9. O-O {[%emt 0:00:01]} Ne5 {[%emt 0:
00:11]} 10. h3 {[%emt 0:00:04]} Ned7 {[%emt 0:00:04]} 11. Bd3 {[%emt 0:00:13]}
Nc5 {[%emt 0:00:02]} 12. Bc2 {[%emt 0:00:03]} Rb8 {[%emt 0:00:07]} 13. b3 {
[%emt 0:00:12]} a6 {[%emt 0:00:08]} 14. f4 {[%emt 0:00:06]} Nfd7 {[%emt 0:00:
06]} 15. Rc1 {[%emt 0:00:22]} e5 {[%emt 0:00:05]} 16. fxe5 {[%emt 0:00:17]}
dxe5 {[%emt 0:00:02]} 17. Nf3 {[%emt 0:00:05]} Qe7 {[%emt 0:00:03]} 18. Nd5 {
[%emt 0:00:02]} Qe6 {[%emt 0:00:12]} 19. Ng5 {[%emt 0:00:04]} Qe8 {[%emt 0:00:
09]} 20. Qe1 {[%emt 0:00:12]} h6 {[%emt 0:00:05]} 21. Nf3 {[%emt 0:00:04]} Qe6
{[%emt 0:00:02]} 22. Qd2 {[%emt 0:00:01]} Kh7 {[%emt 0:00:09]} 23. Nh4 {[%emt
0:00:14]} b6 {[%emt 0:00:09]} 24. Rf2 {[%emt 0:00:09]} Nf6 {[%emt 0:00:15]} 25.
Nxf6+ {[%emt 0:00:08]} Bxf6 {[%emt 0:00:01]} 26. Nf3 {[%emt 0:00:11]} Bg7 {
[%emt 0:00:02]} 27. Rd1 {[%emt 0:00:08]} Bb7 {[%emt 0:00:03]} 28. Bxc5 {[%emt
0:00:16]} bxc5 {[%emt 0:00:01]} 29. Qd6 {[%emt 0:00:10]} Qxd6 {[%emt 0:00:20]}
30. Rxd6 {[%emt 0:00:02]} Rbd8 {[%emt 0:00:00]} 31. Rfd2 {[%emt 0:00:01]} Rxd6
{[%emt 0:00:07]} 32. Rxd6 {[%emt 0:00:02]} Rb8 {[%emt 0:00:21]} 33. Rd7 {[%emt
0:00:03]} Kg8 {[%emt 0:00:02]} 34. Ne1 {[%emt 0:00:04]} Kf8 {[%emt 0:00:05]}
35. Nd3 {[%emt 0:00:01]} Ke8 {[%emt 0:00:01]} 36. Nxc5 {[%emt 0:00:04]} Bc6 {
[%emt 0:00:16]} 37. Rd6 {[%emt 0:00:07]} Rc8 {[%emt 0:00:07]} 38. Nd3 {[%emt 0:
00:15]} Bf8 {[%emt 0:00:05]} 39. Rf6 {[%emt 0:00:01]} Bg7 {[%emt 0:00:08]} 40.
Rf2 {[%emt 0:00:02]} Bxe4 {[%emt 0:00:02]} 41. Re2 {[%emt 0:00:01]} Bxd3 {
[%emt 0:00:02]} 42. Bxd3 {[%emt 0:00:01]} Rd8 {[%emt 0:00:01]} 43. Be4 {[%emt
0:00:02]} Rd4 {[%emt 0:00:03]} 44. Bd5 {[%emt 0:00:01]} f5 {[%emt 0:00:02]} 45.
b4 {[%emt 0:00:03]} Ke7 {[%emt 0:00:01]} 46. a4 {[%emt 0:00:02]} Kd6 {[%emt 0:
00:01]} 47. b5 {[%emt 0:00:01]} axb5 {[%emt 0:00:01]} 48. axb5 {[%emt 0:00:01]}
Kc5 {[%emt 0:00:02]} 49. Rb2 {[%emt 0:00:02]} e4 {[%emt 0:00:04]} 50. Rb3 {
[%emt 0:00:02]} Rd1+ {[%emt 0:00:03]} 51. Kf2 {[%emt 0:00:02]} Be5 {[%emt 0:00:
04]} 52. b6 {[%emt 0:00:02]} f4 {[%emt 0:00:08]} 53. b7 {[%emt 0:00:02]} Bb8 {
[%emt 0:00:06]} 54. Bxe4 {[%emt 0:00:04]} g5 {[%emt 0:00:04]} 55. Bd5 {[%emt 0:
00:02]} Kd4 {[%emt 0:00:09]} 56. Kf3 {[%emt 0:00:03]} h5 {[%emt 0:00:02]} 57.
Be6 {[%emt 0:00:06]} Rf1+ {[%emt 0:00:06]} 58. Ke2 {[%emt 0:00:02]} Rg1 {[%emt
0:00:01]} 59. Kf2 {[%emt 0:00:01]} Rd1 {[%emt 0:00:01]} 60. Bf7 {[%emt 0:00:04]
} h4 {[%emt 0:00:01]} 61. Be6 {[%emt 0:00:02]} Rd2+ {[%emt 0:00:02]} 62. Kf3 {
[%emt 0:00:01]} Ra2 {[%emt 0:00:01]} 63. Bd5 {[%emt 0:00:03]} Rd2 {[%emt 0:00:
02]} 64. Kg4 {[%emt 0:00:01]} Rxg2+ {[%emt 0:00:01]} 65. Bxg2 {[%emt 0:00:02]}
Kxc4 {[%emt 0:00:02]} 66. Rb1 {[%emt 0:00:01]} Kd4 {[%emt 0:00:01]} 67. Kxg5 {
[%emt 0:00:01]} f3 {[%emt 0:00:01]} 68. Bxf3 {[%emt 0:00:02]} 1-0

[Event "Benidorm Satellite preliminary"]
[Site "playchess.com #007036"]
[Date "2009.10.24"]
[Round "3"]
[White "Maximums"]
[Black "Direchess"]
[Result "1-0"]
[WhiteElo "2620"]
[BlackElo "1942"]
[PlyCount "133"]
[EventDate "2009.10.24"]
[EventType "swiss (blitz)"]

1. d4 {[%emt 0:00:01]} c5 {[%emt 0:00:04]} 2. d5 {[%emt 0:00:01]} e6 {[%emt 0:
00:01]} 3. c4 {[%emt 0:00:02]} Nf6 {[%emt 0:00:01]} 4. Nc3 {[%emt 0:00:01]}
exd5 {[%emt 0:00:01]} 5. cxd5 {[%emt 0:00:01]} d6 {[%emt 0:00:01]} 6. e4 {
[%emt 0:00:01]} a6 {[%emt 0:00:02]} 7. a4 {[%emt 0:00:02]} Be7 {[%emt 0:00:01]}
8. Nf3 {[%emt 0:00:02]} Bg4 {[%emt 0:00:01]} 9. Be2 {[%emt 0:00:02]} Bxf3 {
[%emt 0:00:01]} 10. Bxf3 {[%emt 0:00:01]} Nbd7 {[%emt 0:00:00]} 11. O-O {[%emt
0:00:02]} O-O {[%emt 0:00:01]} 12. Bf4 {[%emt 0:00:02]} Ne5 {[%emt 0:00:01]}
13. Bxe5 {[%emt 0:00:11]} dxe5 {[%emt 0:00:00]} 14. a5 {[%emt 0:00:00]} Bd6 {
[%emt 0:00:01]} 15. Qd2 {[%emt 0:00:03]} Qe7 {[%emt 0:00:01]} 16. Rfc1 {[%emt
0:00:07]} Nd7 {[%emt 0:00:02]} 17. Bg4 {[%emt 0:00:05]} g6 {[%emt 0:00:03]} 18.
Bxd7 {[%emt 0:00:03]} Qxd7 {[%emt 0:00:02]} 19. Na4 {[%emt 0:00:01]} Qe7 {
[%emt 0:00:02]} 20. Nb6 {[%emt 0:00:03]} Rad8 {[%emt 0:00:06]} 21. Nc4 {[%emt
0:00:03]} f5 {[%emt 0:00:07]} 22. f3 {[%emt 0:00:06]} Rc8 {[%emt 0:00:15]} 23.
Qe3 {[%emt 0:00:10]} Rc7 {[%emt 0:00:03]} 24. Ra3 {[%emt 0:00:06]} Rf7 {[%emt
0:00:15]} 25. Rac3 {[%emt 0:00:09]} f4 {[%emt 0:00:04]} 26. Qf2 {[%emt 0:00:06]
} g5 {[%emt 0:00:02]} 27. h3 {[%emt 0:00:06]} h5 {[%emt 0:00:02]} 28. Nxd6 {
[%emt 0:00:04]} Qxd6 {[%emt 0:00:03]} 29. Rxc5 {[%emt 0:00:01]} Kg7 {[%emt 0:
00:06]} 30. Qc2 {[%emt 0:00:11]} Rcd7 {[%emt 0:00:05]} 31. Qc3 {[%emt 0:00:12]}
Kg6 {[%emt 0:00:07]} 32. b4 {[%emt 0:00:14]} Rf6 {[%emt 0:00:24]} 33. b5 {
[%emt 0:00:04]} axb5 {[%emt 0:00:00]} 34. Rxb5 {[%emt 0:00:01]} Qa6 {[%emt 0:
00:05]} 35. Rcb1 {[%emt 0:00:30]} Qa7+ {[%emt 0:00:49]} 36. Qc5 {[%emt 0:00:09]
} Qxc5+ {[%emt 0:00:06]} 37. Rxc5 {[%emt 0:00:02]} Ra6 {[%emt 0:00:01]} 38. Kf2
{[%emt 0:00:12]} Kf6 {[%emt 0:00:07]} 39. Ke2 {[%emt 0:00:03]} Ke7 {[%emt 0:00:
07]} 40. Kd3 {[%emt 0:00:04]} Kd6 {[%emt 0:00:01]} 41. Kc4 {[%emt 0:00:03]} Rc7
{[%emt 0:00:08]} 42. Rxc7 {[%emt 0:00:01]} Kxc7 {[%emt 0:00:00]} 43. Kb5 {
[%emt 0:00:01]} Rd6 {[%emt 0:00:05]} 44. Rc1+ {[%emt 0:00:03]} Kb8 {[%emt 0:00:
06] Direchess ofrece tablas} 45. Kc5 {[%emt 0:00:23]} Ra6 {[%emt 0:00:02]} 46.
Ra1 {[%emt 0:00:03]} Kc7 {[%emt 0:00:02]} 47. Ra4 {[%emt 0:00:04]} Kd7 {[%emt
0:00:08]} 48. Kb5 {[%emt 0:00:03]} Kd6 {[%emt 0:00:10]} 49. Rc4 {[%emt 0:00:02]
} Kd7 {[%emt 0:00:02]} 50. Rc5 {[%emt 0:00:03]} Kd6 {[%emt 0:00:04]} 51. Rc8 {
[%emt 0:00:02]} g4 {[%emt 0:00:05]} 52. Rg8 {[%emt 0:00:07]} gxf3 {[%emt 0:00:
12]} 53. gxf3 {[%emt 0:00:01]} Kc7 {[%emt 0:00:04]} 54. Rg5 {[%emt 0:00:04]}
Rh6 {[%emt 0:00:08]} 55. Rxe5 {[%emt 0:00:02]} Kb8 {[%emt 0:00:02]} 56. Rf5 {
[%emt 0:00:03]} Ka7 {[%emt 0:00:00]} 57. Rxf4 {[%emt 0:00:01]} b6 {[%emt 0:00:
00]} 58. Rf7+ {[%emt 0:00:02]} Kb8 {[%emt 0:00:02]} 59. axb6 {[%emt 0:00:01]}
Kc8 {[%emt 0:00:01]} 60. e5 {[%emt 0:00:02]} h4 {[%emt 0:00:02]} 61. e6 {[%emt
0:00:02]} Rh5 {[%emt 0:00:01]} 62. Kc6 {[%emt 0:00:01]} Rh8 {[%emt 0:00:04]}
63. d6 {[%emt 0:00:04]} Kb8 {[%emt 0:00:03]} 64. d7 {[%emt 0:00:02]} Rg8 {
[%emt 0:00:08]} 65. Re7 {[%emt 0:00:01]} Rd8 {[%emt 0:00:07]} 66. Re8 {[%emt 0:
00:02]} Ka8 {[%emt 0:00:01]} 67. Rxd8# {[%emt 0:00:01]} 1-0

[Event "Benidorm Satellite preliminary"]
[Site "playchess.com #007036"]
[Date "2009.10.24"]
[Round "3"]
[White "TheMaster15"]
[Black "Kendo"]
[Result "0-1"]
[WhiteElo "2338"]
[BlackElo "2652"]
[PlyCount "146"]
[EventDate "2009.10.24"]
[EventType "swiss (blitz)"]

1. e4 {[%emt 0:00:01]} e6 {[%emt 0:00:04]} 2. d4 {[%emt 0:00:01]} d5 {[%emt 0:
00:00]} 3. Nc3 {[%emt 0:00:01]} dxe4 {[%emt 0:00:01]} 4. Nxe4 {[%emt 0:00:01]}
Bd7 {[%emt 0:00:00]} 5. Nf3 {[%emt 0:00:03]} Bc6 {[%emt 0:00:01]} 6. Bd3 {
[%emt 0:00:01]} Bxe4 {[%emt 0:00:01]} 7. Bxe4 {[%emt 0:00:01]} c6 {[%emt 0:00:
00]} 8. Qe2 {[%emt 0:00:04]} Nf6 {[%emt 0:00:01]} 9. Bd3 {[%emt 0:00:02]} Nbd7
{[%emt 0:00:00]} 10. Bg5 {[%emt 0:00:02]} h6 {[%emt 0:00:08]} 11. Bf4 {[%emt 0:
00:01]} Qa5+ {[%emt 0:00:09]} 12. c3 {[%emt 0:00:13]} Be7 {[%emt 0:00:04]} 13.
O-O {[%emt 0:00:04]} O-O {[%emt 0:00:19]} 14. Ne5 {[%emt 0:00:09]} Rfe8 {[%emt
0:00:16]} 15. Rfe1 {[%emt 0:00:15]} Rad8 {[%emt 0:00:15]} 16. b4 {[%emt 0:00:
16]} Bxb4 {[%emt 0:00:35]} 17. cxb4 {[%emt 0:00:04]} Qxb4 {[%emt 0:00:00]} 18.
Rad1 {[%emt 0:00:12]} Nf8 {[%emt 0:00:15]} 19. Be3 {[%emt 0:00:20]} Qe7 {[%emt
0:00:25]} 20. Rb1 {[%emt 0:00:08]} Rc8 {[%emt 0:00:11]} 21. Qf3 {[%emt 0:00:03]
} Nd5 {[%emt 0:00:09]} 22. Bc1 {[%emt 0:00:22]} Rc7 {[%emt 0:00:14]} 23. Ba3 {
[%emt 0:00:08]} Qf6 {[%emt 0:00:11]} 24. Qxf6 {[%emt 0:00:12]} gxf6 {[%emt 0:
00:01]} 25. Nc4 {[%emt 0:00:09]} b6 {[%emt 0:00:09]} 26. Nd6 {[%emt 0:00:05]}
Rd8 {[%emt 0:00:04]} 27. Rbc1 {[%emt 0:00:04]} f5 {[%emt 0:00:09]} 28. Nc4 {
[%emt 0:00:06]} Ng6 {[%emt 0:00:07]} 29. g3 {[%emt 0:00:03]} Rcd7 {[%emt 0:00:
02]} 30. Bb2 {[%emt 0:00:10] .} Nf6 {[%emt 0:00:01]} 31. Bf1 {[%emt 0:00:05]}
Nd5 {[%emt 0:00:02]} 32. Bg2 {[%emt 0:00:02]} Rc8 {[%emt 0:00:02]} 33. h4 {
[%emt 0:00:03]} Rdc7 {[%emt 0:00:04]} 34. h5 {[%emt 0:00:01]} Nf8 {[%emt 0:00:
01]} 35. Ne5 {[%emt 0:00:03]} Nd7 {[%emt 0:00:05]} 36. Bxd5 {[%emt 0:00:11]}
Nxe5 {[%emt 0:00:01]} 37. Rxe5 {[%emt 0:00:19]} cxd5 {[%emt 0:00:01]} 38. Rxc7
{[%emt 0:00:01]} Rxc7 {[%emt 0:00:00]} 39. Re2 {[%emt 0:00:00]} Rc4 {[%emt 0:
00:02]} 40. Kg2 {[%emt 0:00:01]} Kg7 {[%emt 0:00:01]} 41. Kf3 {[%emt 0:00:00]}
Kf6 {[%emt 0:00:01]} 42. Ke3 {[%emt 0:00:00]} Kg5 {[%emt 0:00:01]} 43. Kd3 {
[%emt 0:00:01]} Kxh5 {[%emt 0:00:01]} 44. Bc3 {[%emt 0:00:02]} Kg4 {[%emt 0:00:
02]} 45. Re1 {[%emt 0:00:02]} Kf3 {[%emt 0:00:03]} 46. Rf1 {[%emt 0:00:04]} Kg2
{[%emt 0:00:03]} 47. Rc1 {[%emt 0:00:06]} Kxf2 {[%emt 0:00:04]} 48. Be1+ {
[%emt 0:00:01]} Kf1 {[%emt 0:00:03]} 49. Rd1 {[%emt 0:00:01]} Kg2 {[%emt 0:00:
01]} 50. Ke3 {[%emt 0:00:03]} Rc2 {[%emt 0:00:03]} 51. Kf4 {[%emt 0:00:03]}
Rxa2 {[%emt 0:00:06]} 52. Ke5 {[%emt 0:00:00]} Re2+ {[%emt 0:00:01]} 53. Kf6 {
[%emt 0:00:01]} a5 {[%emt 0:00:01]} 54. Kxf7 {[%emt 0:00:01]} Re4 {[%emt 0:00:
02]} 55. Kg6 {[%emt 0:00:04]} a4 {[%emt 0:00:01]} 56. Kxh6 {[%emt 0:00:02]} a3
{[%emt 0:00:01]} 57. Bb4 {[%emt 0:00:05]} a2 {[%emt 0:00:01]} 58. Rd2+ {[%emt
0:00:01]} Kxg3 {[%emt 0:00:01]} 59. Rxa2 {[%emt 0:00:00]} Rxd4 {[%emt 0:00:01]}
60. Bd6+ {[%emt 0:00:01]} Kg4 {[%emt 0:00:03]} 61. Rg2+ {[%emt 0:00:01]} Kf3 {
[%emt 0:00:01]} 62. Rb2 {[%emt 0:00:01]} Rg4 {[%emt 0:00:03]} 63. Rxb6 {[%emt
0:00:02]} d4 {[%emt 0:00:01]} 64. Rb3+ {[%emt 0:00:01]} Ke2 {[%emt 0:00:01]}
65. Bc5 {[%emt 0:00:04]} e5 {[%emt 0:00:03]} 66. Kh5 {[%emt 0:00:05]} Rg8 {
[%emt 0:00:04]} 67. Bd6 {[%emt 0:00:02]} e4 {[%emt 0:00:02]} 68. Be5 {[%emt 0:
00:00]} d3 {[%emt 0:00:01]} 69. Bf4 {[%emt 0:00:01]} Kf3 {[%emt 0:00:01]} 70.
Bh6 {[%emt 0:00:02]} f4 {[%emt 0:00:01]} 71. Rb4 {[%emt 0:00:03]} Rg1 {[%emt 0:
00:02]} 72. Rb5 {[%emt 0:00:03]} Rh1+ {[%emt 0:00:01]} 73. Kg6 {[%emt 0:00:01]}
d2 {[%emt 0:00:04] TheMaster15 gibt auf} 0-1